<?xml version="1.0" encoding="UTF-8"?>
<record
    xmlns:xsi="http://www.w3.org/2001/XMLSchema-instance"
    xsi:schemaLocation="http://www.loc.gov/MARC21/slim http://www.loc.gov/standards/marcxml/schema/MARC21slim.xsd"
    xmlns="http://www.loc.gov/MARC21/slim">

  <leader>00678nam a2200181Ia 4500</leader>
  <controlfield tag="008">090630s9999    xx            000 0 und d</controlfield>
  <datafield tag="082" ind1=" " ind2=" ">
    <subfield code="b">11055</subfield>
  </datafield>
  <datafield tag="100" ind1=" " ind2=" ">
    <subfield code="a">&#x921;&#x949;. &#x92E;&#x941;&#x902;&#x926;&#x930;&#x917;&#x940; &#x936;&#x94D;&#x930;&#x940;&#x915;&#x93E;&#x902;&#x924;.</subfield>
  </datafield>
  <datafield tag="245" ind1=" " ind2=" ">
    <subfield code="a">&#x938;&#x94D;&#x92A;&#x930;&#x94D;&#x936;&#x939;&#x940;&#x928;.</subfield>
    <subfield code="c">&#x921;&#x949;. &#x92E;&#x941;&#x902;&#x926;&#x930;&#x917;&#x940; &#x936;&#x94D;&#x930;&#x940;&#x915;&#x93E;&#x902;&#x924;.</subfield>
  </datafield>
  <datafield tag="260" ind1=" " ind2=" ">
    <subfield code="b">&#x907;&#x928;&#x93E;&#x92E;&#x926;&#x93E;&#x930; &#x92C;&#x902;&#x927;&#x942;.</subfield>
    <subfield code="c">1983</subfield>
  </datafield>
  <datafield tag="300" ind1=" " ind2=" ">
    <subfield code="a">166</subfield>
  </datafield>
  <datafield tag="600" ind1=" " ind2=" ">
    <subfield code="a">&#x921;&#x949;. &#x92E;&#x941;&#x902;&#x926;&#x930;&#x917;&#x940; &#x936;&#x94D;&#x930;&#x940;&#x915;&#x93E;&#x902;&#x924;.</subfield>
  </datafield>
  <datafield tag="630" ind1=" " ind2=" ">
    <subfield code="a">&#x938;&#x94D;&#x92A;&#x930;&#x94D;&#x936;&#x939;&#x940;&#x928;.</subfield>
  </datafield>
  <datafield tag="655" ind1=" " ind2=" ">
    <subfield code="a">&#x915;&#x93E;&#x926;&#x902;&#x92C;&#x930;&#x940;.</subfield>
  </datafield>
  <datafield tag="700" ind1=" " ind2=" ">
    <subfield code="a">&#x921;&#x949;. &#x92E;&#x941;&#x902;&#x926;&#x930;&#x917;&#x940; &#x936;&#x94D;&#x930;&#x940;&#x915;&#x93E;&#x902;&#x924;.</subfield>
  </datafield>
  <datafield tag="730" ind1=" " ind2=" ">
    <subfield code="a">&#x938;&#x94D;&#x92A;&#x930;&#x94D;&#x936;&#x939;&#x940;&#x928;.</subfield>
  </datafield>
  <datafield tag="942" ind1=" " ind2=" ">
    <subfield code="c">BOOK</subfield>
  </datafield>
  <datafield tag="999" ind1=" " ind2=" ">
    <subfield code="c">262911</subfield>
    <subfield code="d">262911</subfield>
  </datafield>
  <datafield tag="952" ind1=" " ind2=" ">
    <subfield code="0">0</subfield>
    <subfield code="1">0</subfield>
    <subfield code="4">0</subfield>
    <subfield code="7">0</subfield>
    <subfield code="a">SAWASHRI</subfield>
    <subfield code="b">SAWASHRI</subfield>
    <subfield code="d">2004-02-08</subfield>
    <subfield code="g">27.00</subfield>
    <subfield code="l">0</subfield>
    <subfield code="o">11055</subfield>
    <subfield code="p">SAWASHRI-11055</subfield>
    <subfield code="r">2009-06-30 00:00:00</subfield>
    <subfield code="v">27.00</subfield>
    <subfield code="w">2009-06-30</subfield>
    <subfield code="y">BOOK</subfield>
  </datafield>
</record>
